logo

Bir Sreshtho Munshi Abdur Rouf Library
Jhenaidah Cadet College

365 Inventions And Inventors / (Record no. 11730)

MARC details
000 -LEADER
fixed length control field 00630nam a2200229 a 4500
001 - CONTROL NUMBER
JCCL Control Number 11730
003 - CONTROL NUMBER IDENTIFIER
JCCL marc code BD-JhCC
005 - DATE AND TIME OF LATEST TRANSACTION
control field 20200810100536.0
008 - FIXED-LENGTH DATA ELEMENTS--GENERAL INFORMATION
fixed length control field 200810s2020 ii a|||| |||| 000 0 eng d
020 ## - INTERNATIONAL STANDARD BOOK NUMBER
International Standard Book Number 9788131932537
035 ## - SYSTEM CONTROL NUMBER
system control number (BD-JhCC)11730
040 ## - CATALOGING SOURCE
Original cataloging agency BD-JhCC
Modifying agency BD-JhCC
041 ## - LANGUAGE CODE
Language code of Book eng
082 ## - DEWEY DECIMAL CLASSIFICATION NUMBER
Classification number 032.02
Author mark and Year NAR 2016
100 ## - MAIN ENTRY--PERSONAL NAME
Personal name Narang, Manmeet
245 ## - TITLE STATEMENT
Title 365 Inventions And Inventors /
Statement of responsibility, etc Manmeet Narang.
260 ## - PUBLICATION, DISTRIBUTION, ETC. (IMPRINT)
Place of publication, distribution, etc India :
Name of publisher, distributor, etc B. Jain Publishers (P) Ltd.,
Date of publication, distribution, etc 2016.
300 ## - PHYSICAL DESCRIPTION
Pagination 200 p. :
Other physical details illus
Dimensions 30 cm.
650 ## - SUBJECT ADDED ENTRY--TOPICAL TERM
Topical term or geographic name as entry element Curiosities and wonders--Juvenile literature.
942 ## - ADDED ENTRY ELEMENTS (KOHA)
Source of classification or shelving scheme Dewey Decimal Classification
Koha item type Books
Holdings
Source of classification or shelving scheme Damaged status Not for loan Home library Current library Shelving location Date of accession Cost, normal purchase price Total Checkouts Full call number Barcode Date last seen Copy number Koha item type
Dewey Decimal Classification   Not For Loan JCC Rouf Library JCC Rouf Library General Stacks 08/10/2020 891.00   032.02 NAR 2016 15989 08/10/2020 C-1 Books

JCC Library | Contacts | JCC Home

Last Update on 23 September 2017
Copyright @ 2017-2020 JCC Rouf Library
Rouf Library, Jhenidah Cadet College (JCC), Bangladesh